00294cam a22000977a 4500008004000000082001400040100002300054245007700077260002700154650001500181180718b1956 xxu||||| |||| 00| 0 eng d aT111 W484 aWendzel, Julius T. aThe dynamics of capitalism towrds continous growthcby Julius T. Wendzel aNew YorkbHarperc1956 aCapitalism